02241 a2200241 4500020001500000020001800015082001100033090001500044100002100059245009300080250001200173260003400185300002100219490003700240500001500277520132000292830003701612856008201649856008701731942002401818999001901842952013801861 a0787903272 a978078790327504a658.16 c2787d27871 aMiles, Robert H.10aLeading corporate transformation :ba blueprint for business renewal /cRobert H. Miles. a1st ed. a[S.l.] :bJossey-Bass,c1997. a272 p. ;c24 cm.1 aJ-b us non-franchise leadership. aHardcover. aThe definitive guide to successful corporate transformation ?The framework Bob Miles illustrates in his new book has been the key tool Symantec has used to start the shift from being a technology-driven to a customer-driven company. Business leaders facing a variety of corporate transformation challenges will benefit from this important executive briefing.? -- Gordon E. Eubanks, Jr., chief executive officer, Symantec Corporation The distillation of a stellar twenty-year career, Leading Corporate Transformation is consultant Robert Miles's reply to executives who want to be able to rise to the most pervasive challenge facing them today: how to achieve fundamental transformation without exposing the organization to unacceptable risk. Here, in the form of an executive briefing, are the expert guidance and tools you need to meet a variety of corporate transformation challenges, whether you are trying to reposition a successful company, revitalize a failing one, merge different businesses and cultures, or manage a leadership succession process. These insights are relevant not only for senior executives, but also for managers at all levels of an organization undergoing fundamental transformation. If you are a leader who must effect organizational change, you will want to keep this book close at hand. 0aJ-b us non-franchise leadership.403Amazon.comuhttp://www.amazon.com/exec/obidos/ASIN/0787903272/chopaconline-20403Amazon customer reviewsuhttp://www.chopac.org/cgi-bin/tools/azrev.pl?q=0787903272 aNBScBKk658.16 ROB c345277d345277 00154070aCLbCLd2013-08-28l1o658.16 ROBpNBS3668r2015-07-02s2015-07-02w2013-08-28yBKzNo:67/2004/NIMS, Dated:23 August 2004